| 000 | 00769nam a22002057a 4500 | ||
|---|---|---|---|
| 999 |
_c6586 _d6586 |
||
| 003 | AR-CdUCM | ||
| 008 | 190318b ||||| |||| 00| 0 spa d | ||
| 040 |
_aMUNICIPALIDAD PROVINCIAL DEL CUSCO _cBIBLIOTECA MUNICIPAL DEL CUSCO |
||
| 082 |
_a030 / _bG74 |
||
| 110 |
_aGran Omeba _918544 |
||
| 245 | _aDiccionario Enciclopédico Ilustrado / | ||
| 260 |
_aArgentina : _bEdicion Argentina, _c1965 - _c1967. |
||
| 300 |
_a10 Tomos ; _bIlustraciones, _c25 cm. |
||
| 500 | _aTomos 1,4, 7, 9, 12 se encuentran dañados, para taller. | ||
| 505 | _aContenido : Diccionario enciclopédico : t.1 -- t.2 -- t.4 --t.5 -- t.6 -- t.7 -- t.8 -- t.9 -- t.10 -- t.11 -- t.11 | ||
| 650 |
_aDiccionario _95196 |
||
| 650 |
_aEnciclopedia _918075 |
||
| 942 |
_2ddc _cLIBROS |
||
| 945 | _awnts | ||